Globalización, género y masculinidades: las corporaciones transnacionales y la producción de productores /
সংরক্ষণ করুন:
| প্রধান লেখক: | |
|---|---|
| বিন্যাস: | পাঠ্য |
| বিষয়গুলি: | |
| ট্যাগগুলো: |
ট্যাগ যুক্ত করুন
কোনো ট্যাগ নেই, প্রথমজন হিসাবে ট্যাগ করুন!
|
MARC
| LEADER | 00000 a a2200000 04500 | ||
|---|---|---|---|
| 001 | 10935 | ||
| 003 | |||
| 040 | |||
| 100 | |a Olavarría, José | ||
| 245 | |a Globalización, género y masculinidades: |b las corporaciones transnacionales y la producción de productores / |c José Olavarría | ||
| 650 | |a GLOBALIZACION | ||
| 650 | |a GENERO | ||
| 650 | |a MASCULINIDAD | ||
| 650 | |a EMPRESAS TRANSNACIONALES | ||
| 650 | |a PRODUCTORES | ||
| 650 | |a VIDA COTIDIANA | ||
| 650 | |a CHILE | ||
| 773 | |g número 218; páginas 72-86 | ||
| 999 | |c 21850 |d 21850 | ||
